FIFA 17 Top 8 Goalkeepers - Statistics

General Stats
  • This quiz has been taken 515 times
  • The average score is 7 of 8
Answer Stats
Rank Team Rating Answer % Correct
1. Bayern Munich 92 Neuer
100%
2. Manchester Utd. 90 De Gea
99%
4. Juventus 88 Buffon
94%
6. Tottenham Hotspur 88 Lloris
93%
3. Chelsea 89 Courtois
89%
7. Athletico Madrid 87 Oblak
89%
5. Arsenal 88 Cech
88%
8 Inter Milan 87 Handanovic
79%
No matching quizzes found
Score Distribution
Percent of People with Each Score
Percentile by Number Answered
Your Score History
You have not taken this quiz